logo

Bir Sreshtho Munshi Abdur Rouf Library
Jhenaidah Cadet College

সস্কলিত বর্তনী প্রযুক্তি / (Record no. 8127)

MARC details
000 -LEADER
fixed length control field 00686nam a2200217 a 4500
001 - CONTROL NUMBER
JCCL Control Number 8127
003 - CONTROL NUMBER IDENTIFIER
JCCL marc code BD-JhCC
005 - DATE AND TIME OF LATEST TRANSACTION
control field 20180218194036.0
008 - FIXED-LENGTH DATA ELEMENTS--GENERAL INFORMATION
fixed length control field 180218s1988 bg a|||| ||a| 000 0 b d
035 ## - SYSTEM CONTROL NUMBER
system control number (BD-JhCC)8127
040 ## - CATALOGING SOURCE
Original cataloging agency BD-JhCC
Modifying agency BD-JhCC
041 ## - LANGUAGE CODE
Language code of Book eng
082 ## - DEWEY DECIMAL CLASSIFICATION NUMBER
Classification number 621.3815
Author mark and Year RAH 19988
100 ## - MAIN ENTRY--PERSONAL NAME
Personal name রহমান,জালালুর
245 ## - TITLE STATEMENT
Title সস্কলিত বর্তনী প্রযুক্তি /
Statement of responsibility, etc জালালুর রহমান.
260 ## - PUBLICATION, DISTRIBUTION, ETC. (IMPRINT)
Place of publication, distribution, etc ঢাকা :
Name of publisher, distributor, etc বাংলা একাডেমী ;
Date of publication, distribution, etc 1988.
300 ## - PHYSICAL DESCRIPTION
Pagination 123 p. :
Other physical details ill ;
Dimensions 22 cm.
651 ## - SUBJECT ADDED ENTRY--GEOGRAPHIC NAME
Geographic name Integated Circuits Technology .
942 ## - ADDED ENTRY ELEMENTS (KOHA)
Source of classification or shelving scheme Library of Congress Classification
Koha item type Books
Holdings
Source of classification or shelving scheme Damaged status Not for loan Home library Current library Shelving location Date of accession Cost, normal purchase price Total Checkouts Full call number Barcode Date last seen Copy number Koha item type
Dewey Decimal Classification     JCC Rouf Library JCC Rouf Library General Stacks 02/18/2018 80.00   621.3815 RAH 1988 10659 02/18/2018 C-1 Books

JCC Library | Contacts | JCC Home

Last Update on 23 September 2017
Copyright @ 2017-2020 JCC Rouf Library
Rouf Library, Jhenidah Cadet College (JCC), Bangladesh